000 006750000a22001090004500
245 1 0 _aíNo al maltrato interpersonal!
300 _ano.91 (ene.- jun., 2009), p. 22
520 _aEl bullying o acoso escolar es una especie de tortura, metódica y sistemática, en la que el agresor sume a la victima, a menudo con el silencio, la indiferencia o la complicidad de otros compañeros. Ésta condición de manera intensa y persistente puede conllevar a que la victima se interne en una condición psicológica inestable donde pueda optar incluso por el suicidio como salida ante tanta carga emocional.
650 1 4 _aRELACIONES HUMANAS
773 0 _tBoletín Uninorte
942 _cANA
999 _c63184
_d63184